| 000 | 00574nam a22002057a 4500 | ||
|---|---|---|---|
| 005 | 20140310183637.0 | ||
| 008 | 131202b xxu||||| |||| 00| 0 eng d | ||
| 020 | _a9789814195621 | ||
| 050 |
_aQA 76.5 _b.P267C 2007 |
||
| 100 | _aParsons, June Jamrich | ||
| 245 |
_aComputer concepts / _cJune Jamrich Parsons, Dan Oja. |
||
| 250 | _a9th | ||
| 260 |
_aSingapore : _bThomson Learning Asia, _c2007. |
||
| 300 |
_a452 p. : _bill. ; _c25 cm. |
||
| 521 | _aIT | ||
| 650 | _aComputers | ||
| 650 | _aElectronic data processing | ||
| 942 |
_2lcc _cBK _kFOR |
||
| 999 |
_c25734 _d25734 |
||